[Event "Southend op 60th"]
[Site "Southend"]
[Date "2016.03.27"]
[Round "6"]
[White "Anderson, John"]
[Black "Elwin, Adrian G"]
[Result "1/2-1/2"]
[WhiteElo "2214"]
[BlackElo "1989"]
[PlyCount "64"]
[EventDate "2016.03.25"]
[EventType "swiss"]
[EventRounds "7"]
[EventCountry "ENG"]
[SourceTitle "EXT 2017"]
[Source "ChessBase"]
[SourceDate "2016.10.25"]
[SourceVersion "1"]
[SourceVersionDate "2016.10.25"]
[SourceQuality "1"]

1. e4 c6 2. d4 d5 3. exd5 cxd5 4. c4 Nf6 5. Nc3 e6 6. Nf3 dxc4 7. Bxc4 Nc6 8. 0-0 Be7 9. Re1 0-0 10. Bg5 Nd5 11. Bxe7 Ncxe7 12. Rc1 Ng6 13. Ne5 a6 14. Bb3 b5 15. Nxg6 hxg6 16. Nxd5 exd5 17. Rc5 Bb7 18. Qf3 Re8 19. Rec1 Re4 20. h3 Rc8 21. Rxc8 Bxc8 22. Bxd5 Qxd5 23. Rxc8+ Kh7 24. Rc3 Rxd4 25. Qxd5 Rxd5 26. Rc6 Rd1+ 27. Kh2 Rd2 28. Rxa6 Rxb2 29. Kg3 b4 30. f3 b3 31. axb3 Rxb3 32. Ra7 f6 1/2-1/2

[Event "Southend op 60th"]
[Site "Southend"]
[Date "2016.03.27"]
[Round "5"]
[White "Elwin, Adrian G"]
[Black "Gupta, Arul"]
[Result "1-0"]
[WhiteElo "1989"]
[BlackElo "2039"]
[PlyCount "113"]
[EventDate "2016.03.25"]
[EventType "swiss"]
[EventRounds "7"]
[EventCountry "ENG"]
[SourceTitle "CBM 171 Extra"]
[Source "ChessBase"]
[SourceDate "2016.04.26"]
[SourceVersion "1"]
[SourceVersionDate "2016.04.26"]
[SourceQuality "1"]

1. d4 Nf6 2. c4 e6 3. Nc3 Bb4 4. Qc2 0-0 5. Nf3 c5 6. dxc5 Na6 7. a3 Bxc3+ 8. Qxc3 Nxc5 9. Bg5 Nce4 10. Bxf6 Nxf6 11. e3 b6 12. Rd1 Bb7 13. Qd4 d5 14. cxd5 exd5 15. Bd3 Qe7 16. 0-0 Rfd8 17. Rc1 Rd6 18. Rfd1 Rad8 19. Qh4 R6d7 20. Nd4 Ne4 21. Qf4 Qf6 22. Qxf6 Nxf6 23. f3 g6 24. Kf2 Kg7 25. Bb5 Re7 26. b4 a6 27. Bc6 Rc8 28. Bxb7 Rxc1 29. Rxc1 Rxb7 30. Rc6 Nd7 31. Rd6 Nf6 32. g4 h6 33. h4 a5 34. b5 Nd7 35. Rxd5 Nc5 36. Nc6 Na4 37. Rd4 Nc3 38. a4 Na2 39. Rc4 Rd7 40. Ke2 Rd5 41. Rc2 Nb4 42. Nxb4 axb4 43. Rb2 Rc5 44. Kd3 Rc1 45. Rxb4 Kf6 46. Rc4 Rd1+ 47. Ke4 Ke7 48. g5 hxg5 49. hxg5 Kd7 50. Rd4+ Rxd4+ 51. Kxd4 Kd6 52. e4 Ke6 53. f4 Kd6 54. Kc4 Ke6 55. Kb4 Kd6 56. a5 bxa5+ 57. Kxa5 1-0

[Event "Southend op 60th"]
[Site "Southend"]
[Date "2016.03.26"]
[Round "4"]
[White "Lovell, William Pm"]
[Black "Elwin, Adrian G"]
[Result "0-1"]
[WhiteElo "1485"]
[BlackElo "1989"]
[PlyCount "128"]
[EventDate "2016.03.25"]
[EventType "swiss"]
[EventRounds "7"]
[EventCountry "ENG"]
[SourceTitle "CBM 171 Extra"]
[Source "ChessBase"]
[SourceDate "2016.04.26"]
[SourceVersion "1"]
[SourceVersionDate "2016.04.26"]
[SourceQuality "1"]

1. d4 Nf6 2. Nf3 g6 3. c4 d6 4. g3 Bg7 5. Bg2 c6 6. Nc3 Bf5 7. 0-0 0-0 8. Re1 Ne4 9. Nxe4 Bxe4 10. b3 c5 11. Bb2 Nc6 12. Qd2 e5 13. dxc5 dxc5 14. Rad1 Qe7 15. Qd7 Rfe8 16. Bc3 Nd4 17. Qxe7 Rxe7 18. Nxd4 exd4 19. Bxe4 Rxe4 20. Bd2 Rae8 21. Kf1 R4e6 22. Rc1 Be5 23. Rc2 Kg7 24. f3 h5 25. f4 Bc7 26. Kf2 f6 27. h4 Rf8 28. Kg2 Bd8 29. Rb2 Rfe8 30. Kf2 g5 31. hxg5 fxg5 32. Rc2 h4 33. gxh4 gxf4 34. Rg1+ Rg6 35. Rxg6+ Kxg6 36. Bxf4 Bxh4+ 37. Kf3 Bg5 38. Bxg5 Kxg5 39. Rd2 Re3+ 40. Kf2 Rc3 41. Kg2 Kf4 42. Kf2 Ke4 43. Rb2 a5 44. Rd2 a4 45. Rb2 d3 46. exd3+ Kxd3 47. bxa4 Rc2+ 48. Rxc2 Kxc2 49. Ke2 Kc3 50. Kd1 Kxc4 51. a5 Kb5 52. a6 Kxa6 53. Kc2 Kb5 54. Kb3 b6 55. Kc3 Ka4 56. Kb2 Kb4 57. a3+ Ka4 58. Ka2 c4 59. Kb2 b5 60. Ka2 c3 61. Ka1 Kxa3 62. Kb1 Kb3 63. Ka1 Kc4 64. Kb1 Kd3 0-1

[Event "Southend op 60th"]
[Site "Southend"]
[Date "2016.03.25"]
[Round "1"]
[White "Elwin, Adrian G"]
[Black "Merry, Alan B"]
[Result "0-1"]
[WhiteElo "1989"]
[BlackElo "2367"]
[PlyCount "56"]
[EventDate "2016.03.25"]
[EventType "swiss"]
[EventRounds "7"]
[EventCountry "ENG"]
[SourceTitle "CBM 171 Extra"]
[Source "ChessBase"]
[SourceDate "2016.04.26"]
[SourceVersion "1"]
[SourceVersionDate "2016.04.26"]
[SourceQuality "1"]

1. d4 Nf6 2. c4 c5 3. d5 d6 4. Nc3 h6 5. e4 g5 6. f4 gxf4 7. Bxf4 Nbd7 8. Nf3 Bg7 9. h3 Nh7 10. Qd2 Nhf8 11. Be2 Ng6 12. Bh2 h5 13. e5 Ndxe5 14. 0-0 Qb6 15. Rae1 Bd7 16. Ne4 0-0-0 17. Kh1 Rdf8 18. b4 Qxb4 19. Qxb4 cxb4 20. c5 f5 21. Neg5 dxc5 22. Ne6 Bxe6 23. dxe6 Nxf3 24. Bxf3 Bd4 25. Rc1 f4 26. Bg1 Bxg1 27. Kxg1 b6 28. Rfe1 Nh4 0-1